Christianity under Islam in Jerusalem : the question of the holy sites in early Ottoman times /
Main Author:
Format: Book
Language: English
Published:
Leiden ; Boston :
Brill,
2001.
Series:
Ottoman Empire and its heritage ;
23.
Subjects:
Tags: Add Tag
Call Number: BV896 .J47 P47 2001
| LEADER | 01168namaa2200301 4500 | ||
|---|---|---|---|
| 001 | 12020 | ||
| 003 | OSt | ||
| 005 | 20240808122218.0 | ||
| 008 | 130303s2001 ne a b 001 0 eng d | ||
| 952 | |0 0 |1 0 |2 lcc |4 0 |6 BV0896 J47 P47 02001 |7 1 |9 15814 |a ARCE |b ARCE |d 2021-06-03 |l 0 |o BV896 .J47 P47 2001 |p 1012253 |r 2021-06-03 00:00:00 |w 2021-06-03 |y BK | ||
| 999 | |c 12289 |d 12289 | ||
| 010 | |a 00066728 | ||
| 020 | |a 9004120424 | ||
| 040 | |c ARCE Library | ||
| 043 | |a a-is--- |a awba--- |a a-tu--- | ||
| 050 | 4 | |a BV896 .J47 P47 2001 | |
| 100 | 1 | |a Peri, ʻOded, |e author | |
| 245 | 1 | 0 | |a Christianity under Islam in Jerusalem : |b the question of the holy sites in early Ottoman times / |c Oded Peri. |
| 264 | 1 | |a Leiden ; |a Boston : |b Brill, |c 2001. | |
| 300 | |a x, 219 pages : |b illustrations ; |c 24 cm. | ||
| 490 | 1 | |a Ottoman Empire and its heritage ; |v 23. | |
| 504 | |a Includes bibliographical references (pages [207]-213) and index. | ||
| 650 | 0 | |a Christian shrines |z Bethlehem |x History | |
| 650 | 0 | |a Christian shrines |z Jerusalem |x History. | |
| 651 | 0 | |a Turkey |x History |y Ottoman Empire, 1288-1918. | |
| 830 | 0 | |a Ottoman Empire and its heritage ; |v 23. | |
| 901 | |a reviewed | ||
| 942 | |c BK |2 lcc | ||
